000 00277nam a2200097Ia 4500
008 230915s9999 xx 000 0 und d
050 _aZ 696 .D7 .D49 1977
100 _aWINSLADE,B.A.J
245 0 _aINTRODUCTION OT DEWEY DECIMAL CLASSIFICATION FOR BRITISH SCHOOLS
942 _cBK
999 _c206795
_d206795